[Event "XXVII. Rhein-Main-Open, Gruppe B"]
[Site "Bad Homburg vor der Höhe"]
[Date "2025.06.19"]
[Round "2.37"]
[White "Benz, Jürgen"]
[Black "Erke, Georg"]
[Result "1/2-1/2"]
[WhiteElo "1676"]
[BlackElo "1634"]
[PlyCount "83"]
[EventDate "2025.06.18"]
[WhiteTeam "SK Bad Homburg 1927"]
[BlackTeam "VSG 1880 Offenbach"]

1. e4 d5 2. exd5 Qxd5 3. Nc3 Qa5 4. Bc4 Nf6 5. Nf3 Nc6 6. d3 Bg4 7. h3 Qh5 8. Bxf7+ Kxf7 9. Ng5+ Qxg5 10. hxg4 Qxg4 11. Qxg4 Nxg4 12. Rh4 Nf6 13. Bf4 e5 14. Bg3 Bd6 15. O-O-O Rad8 16. f4 Rhe8 17. Rf1 exf4 18. Bxf4 Bxf4+ 19. Rhxf4 Nd4 20. R4f2 Kg6 21. b3 Re7 22. Ne4 Nxe4 23. dxe4 Rxe4 24. Rf7 Ne6 25. Re7 Rd5 26. Rff7 Rf5 27. Rxg7+ Nxg7 28. Rxe4 Kf6 29. Rh4 Rg5 30. Rxh7 Rh5 31. Rxh5 Nxh5 32. Kd2 Ke5 33. Ke3 Nf6 34. g3 Ng4+ 35. Kf3 Nh2+ 36. Kg2 Ng4 37. Kf3 Kf5 38. a4 a5 39. c3 c5 40. Ke2 b6 41. Kd3 Ne5+ 42. Ke3 1/2-1/2

[Event "XXVII. Rhein-Main-Open, Gruppe B"]
[Site "Bad Homburg vor der Höhe"]
[Date "2025.06.19"]
[Round "2.38"]
[White "Kellermann, Friedrich"]
[Black "Ghaznavi, Massoud"]
[Result "0-1"]
[WhiteElo "1625"]
[BlackElo "1655"]
[PlyCount "54"]
[EventDate "2025.06.18"]
[WhiteTeam "SC Hilchenbach"]
[BlackTeam "SV Oberursel"]

1. c4 c5 2. Nc3 Nc6 3. g3 Nf6 4. Bg2 d6 5. e3 Bf5 6. d4 Qd7 7. Nge2 e5 8. d5 Nb4 9. e4 Bg4 10. O-O h6 11. a3 Na6 12. f3 Bh5 13. h3 Be7 14. Qa4 O-O 15. Qxd7 Nxd7 16. f4 f5 17. fxe5 Nxe5 18. Nf4 Be8 19. b3 Bd7 20. Bb2 Nc7 21. Rae1 g5 22. Nfe2 Nd3 23. Rb1 f4 24. Rf3 Ne5 25. Rf2 f3 26. Nd1 fxe2 27. Rxe2 Nf3+ 0-1

[Event "XXVII. Rhein-Main-Open, Gruppe B"]
[Site "Bad Homburg vor der Höhe"]
[Date "2025.06.19"]
[Round "2.39"]
[White "Lao, Theodora Siyuan"]
[Black "Neff, Oliver"]
[Result "0-1"]
[WhiteElo "1587"]
[BlackElo "1706"]
[PlyCount "140"]
[EventDate "2025.06.18"]
[WhiteTeam "SK Bad Homburg 1927"]
[BlackTeam "SG Wartturm Schaafheim"]

1. e4 c6 2. d4 d5 3. exd5 cxd5 4. Bf4 Bf5 5. Nf3 Nd7 6. Nc3 e6 7. Bb5 a6 8. Bxd7+ Qxd7 9. O-O Bd6 10. Bxd6 Qxd6 11. Re1 Nf6 12. Ne5 O-O 13. Ne2 Rac8 14. Rc1 Qb4 15. b3 Qa3 16. c4 dxc4 17. bxc4 Qxa2 18. Ra1 Qc2 19. Qxc2 Bxc2 20. Rac1 Bg6 21. Nxg6 hxg6 22. Nf4 Rfd8 23. Red1 b5 24. c5 Rc6 25. g3 Nd5 26. Nxd5 exd5 27. h4 f6 28. Kg2 Kf7 29. Re1 Re8 30. Rxe8 Kxe8 31. Kf3 Kd7 32. Kf4 Re6 33. Ra1 Kc7 34. Kf3 Kb7 35. g4 Re4 36. Rd1 f5 37. gxf5 gxf5 38. h5 Rh4 39. Rc1 Rxh5 40. c6+ Kc7 41. Kf4 Rh4+ 42. Ke5 Re4+ 43. Kxd5 a5 44. Kc5 g5 45. d5 Re5 46. f3 b4 47. Rh1 b3 48. Kd4 Re7 49. Rb1 a4 50. Kc4 Kd6 51. Kb4 Ra7 52. Rc1 b2 53. Rb1 a3 54. Kb3 a2 55. Kxb2 axb1=Q+ 56. Kxb1 Kxd5 57. Kc2 Kxc6 58. Kd3 Re7 59. Kd4 g4 60. fxg4 fxg4 61. Kc4 g3 62. Kd4 g2 63. Kc4 g1=Q 64. Kd3 Qc5 65. Kd2 Rd7+ 66. Ke2 Qe5+ 67. Kf3 Rf7+ 68. Kg4 Qg7+ 69. Kh5 Qg8 70. Kh6 Rh7# 0-1

[Event "XXVII. Rhein-Main-Open, Gruppe B"]
[Site "Bad Homburg vor der Höhe"]
[Date "2025.06.19"]
[Round "3.1"]
[White "Mühlpfordt, Werner"]
[Black "Nahler, Michael"]
[Result "1/2-1/2"]
[WhiteElo "1958"]
[BlackElo "1857"]
[PlyCount "33"]
[EventDate "2025.06.18"]
[WhiteTeam "SC 1997 Lambsheim"]
[BlackTeam "SV Oberursel"]

1. e4 e5 2. f4 exf4 3. Bc4 Qh4+ 4. Kf1 d6 5. Nc3 c6 6. a4 Bg4 7. Nf3 Qe7 8. d4 g5 9. h3 Bh5 10. g4 Bg6 11. h4 Nf6 12. Nxg5 h6 13. Nf3 Nxe4 14. Nxe4 Bxe4 15. Rh2 Nd7 16. Bd3 Bxd3+ 17. Qxd3 1/2-1/2

[Event "XXVII. Rhein-Main-Open, Gruppe B"]
[Site "Bad Homburg vor der Höhe"]
[Date "2025.06.19"]
[Round "3.2"]
[White "Beier, Claus Christian"]
[Black "Bremer, Vincent"]
[Result "1/2-1/2"]
[WhiteElo "1670"]
[BlackElo "1973"]
[PlyCount "56"]
[EventDate "2025.06.18"]
[WhiteTeam "SK Bad Homburg 1927"]
[BlackTeam "TSG 1846 Bretzenheim/ZMO"]

1. e4 e6 2. d4 d5 3. exd5 exd5 4. Bd3 Bd6 5. Nf3 Ne7 6. Bg5 f6 7. Bh4 O-O 8. O-O Nf5 9. Bg3 Nxg3 10. hxg3 Re8 11. Nbd2 Nd7 12. c3 Nf8 13. Qc2 c6 14. Rae1 Be6 15. Re2 Bf7 16. Rxe8 Bxe8 17. Re1 Bg6 18. Nh4 Bxd3 19. Qxd3 g6 20. Nf1 Qd7 21. Qe2 Kf7 22. Nf3 Re8 23. Qxe8+ Qxe8 24. Rxe8 Kxe8 25. Ne3 Kf7 26. Kf1 Nd7 27. Ke2 b5 28. Kd3 a5 1/2-1/2

[Event "XXVII. Rhein-Main-Open, Gruppe B"]
[Site "Bad Homburg vor der Höhe"]
[Date "2025.06.19"]
[Round "3.3"]
[White "Lopez Fuertes, Victor"]
[Black "Fernandez Egea, Andres"]
[Result "1/2-1/2"]
[WhiteElo "1749"]
[BlackElo "1849"]
[PlyCount "70"]
[EventDate "2025.06.18"]
[WhiteTeam "SC 1910 Höchst"]
[BlackTeam "SF Frankfurt 1921"]

1. e4 e5 2. Nf3 Nc6 3. d4 exd4 4. Nxd4 Qf6 5. Nxc6 Bc5 6. Qf3 Qxf3 7. gxf3 dxc6 8. Be3 Bxe3 9. fxe3 Be6 10. b3 O-O-O 11. Nd2 Ne7 12. O-O-O g5 13. Be2 Ng6 14. Rhg1 f6 15. Nf1 Rxd1+ 16. Kxd1 Kd7 17. Ng3 Ne7 18. Nh5 Rf8 19. Ng7 h6 20. Nxe6 Kxe6 21. f4 Kd6 22. Kc1 Ng6 23. Kb2 Nh4 24. b4 b5 25. Rd1+ Ke7 26. Rg1 a6 27. a3 Ra8 28. Bg4 Rd8 29. Kc1 gxf4 30. exf4 Ng6 31. Rf1 Nh4 32. Rd1 Ng2 33. Rxd8 Kxd8 34. f5 Ne3 35. Be2 Ke7 1/2-1/2

[Event "XXVII. Rhein-Main-Open, Gruppe B"]
[Site "Bad Homburg vor der Höhe"]
[Date "2025.06.19"]
[Round "3.4"]
[White "Kolker, Vladislav"]
[Black "Nichols, Uwe"]
[Result "1-0"]
[WhiteElo "1830"]
[BlackElo "1793"]
[PlyCount "49"]
[EventDate "2025.06.18"]
[WhiteTeam "SC Bad Nauheim"]
[BlackTeam "SV Oberursel"]

1. e4 c5 2. a3 d6 3. b4 cxb4 4. axb4 Qb6 5. c3 g6 6. d4 Bg7 7. Nf3 Nf6 8. Bd3 O-O 9. Na3 Bg4 10. h3 Bxf3 11. Qxf3 Nbd7 12. O-O a6 13. Be3 Qc6 14. Rfc1 d5 15. exd5 Qxd5 16. Qe2 b5 17. c4 Qb7 18. cxb5 axb5 19. Bxb5 Rfc8 20. Rxc8+ Rxc8 21. Ba6 Qb8 22. Bxc8 Qxc8 23. Qc4 Qb7 24. Rc1 Ne8 25. Qc8 1-0

[Event "XXVII. Rhein-Main-Open, Gruppe B"]
[Site "Bad Homburg vor der Höhe"]
[Date "2025.06.19"]
[Round "3.7"]
[White "Reinhardt, Anton"]
[Black "Aechtner, Folke"]
[Result "1-0"]
[WhiteElo "1824"]
[BlackElo "1741"]
[PlyCount "119"]
[EventDate "2025.06.18"]
[WhiteTeam "Sabt Frankfurter TV 1860"]

1. e4 c5 2. c3 e6 3. d4 d5 4. exd5 exd5 5. Nf3 Nc6 6. h3 Nf6 7. Bd3 cxd4 8. cxd4 Be7 9. O-O O-O 10. Nc3 Be6 11. Bf4 Nh5 12. Bh2 g6 13. Qd2 Bf6 14. Bc2 Qb6 15. Na4 Qb4 16. Qxb4 Nxb4 17. Bb1 Rfc8 18. Nc3 a6 19. Ne5 Ng7 20. g4 Ne8 21. f4 Bxe5 22. fxe5 Nc7 23. Bf4 Nb5 24. Nxb5 axb5 25. Rf2 Rc7 26. a3 Nc6 27. Be3 Rac8 28. Bd3 b4 29. Rc2 b3 30. Rc5 Na7 31. Rxc7 Rxc7 32. Rc1 Rc6 33. Kf2 Rxc1 34. Bxc1 Nc6 35. Ke3 h5 36. gxh5 gxh5 37. h4 Bg4 38. Bd2 Kf8 39. Bc3 Kg7 40. Bb5 Ne7 41. Be1 Bd1 42. Bd3 f6 43. Kd2 Bg4 44. Kc3 fxe5 45. dxe5 Nc6 46. Bg3 Bd1 47. Bf5 b5 48. Bd7 d4+ 49. Kd2 Bf3 50. e6 Kf6 51. Bd6 Bd5 52. e7 Nxe7 53. Bxe7+ Kxe7 54. Bxb5 Kd6 55. Kd3 Kc5 56. Be8 Bf3 57. Bf7 Bd1 58. Kd2 Bc2 59. Bxh5 Kd6 60. Bd1 1-0

[Event "XXVII. Rhein-Main-Open, Gruppe B"]
[Site "Bad Homburg vor der Höhe"]
[Date "2025.06.19"]
[Round "3.8"]
[White "Wolf, Helena"]
[Black "Ahrends, Norbert"]
[Result "0-1"]
[WhiteElo "1702"]
[BlackElo "1964"]
[PlyCount "92"]
[EventDate "2025.06.18"]
[WhiteTeam "SK Bad Homburg 1927"]
[BlackTeam "SK 1980 Gernsheim"]

1. e4 c6 2. Nc3 d5 3. Nf3 Bg4 4. h3 Bxf3 5. Qxf3 e6 6. d3 Nf6 7. e5 Nfd7 8. d4 c5 9. dxc5 Nxe5 10. Bb5+ Nbc6 11. Qf4 Ng6 12. Qa4 Qc8 13. Bxc6+ bxc6 14. b4 Be7 15. O-O O-O 16. Bb2 Bf6 17. Rab1 Nf4 18. Rfe1 e5 19. Ne2 Ng6 20. Ng3 Re8 21. Rbd1 a5 22. a3 axb4 23. Qb3 bxa3 24. Bxa3 e4 25. Ne2 Bh4 26. Bc1 Qc7 27. Nd4 Reb8 28. Qc3 Bf6 29. Be3 Ra4 30. Qd2 Rc4 31. Rf1 Rb2 32. Rc1 Ra2 33. Rfd1 Nh4 34. Nb3 Nf5 35. Bf4 Be5 36. Be3 Rca4 37. Qe1 d4 38. Bd2 Qe7 39. Kh1 Qh4 40. Kg1 h6 41. c3 e3 42. fxe3 Bg3 43. Qf1 Nxe3 44. Bxe3 dxe3 45. Nd4 Bf2+ 46. Kh1 Rxd4 0-1

[Event "XXVII. Rhein-Main-Open, Gruppe B"]
[Site "Bad Homburg vor der Höhe"]
[Date "2025.06.19"]
[Round "3.12"]
[White "Morgen, Andreas"]
[Black "Reimer, Otto"]
[Result "0-1"]
[WhiteElo "1766"]
[BlackElo "1912"]
[PlyCount "92"]
[EventDate "2025.06.18"]
[WhiteTeam "SK Marburg 1931/72"]
[BlackTeam "SK Bad Homburg 1927"]

1. e4 c5 2. Nf3 d6 3. c3 Nc6 4. d4 cxd4 5. cxd4 Nf6 6. d5 Nb8 7. Nc3 a6 8. h3 g6 9. Be2 Bg7 10. Nd4 Nbd7 11. O-O Nc5 12. Bf3 h5 13. b4 Ncd7 14. Be3 O-O 15. a4 Re8 16. Bf4 Nh7 17. Nce2 Ne5 18. Rc1 Nxf3+ 19. Nxf3 f6 20. Ned4 Nf8 21. Re1 Bd7 22. Nh2 Rc8 23. g4 g5 24. Be3 h4 25. f4 Bh6 26. fxg5 fxg5 27. Nhf3 Nh7 28. Nxh4 Rxc1 29. Bxc1 Qb6 30. Nhf5 Bxf5 31. gxf5 Bg7 32. Be3 Qxb4 33. Kf2 Rc8 34. Qb3 Rc4 35. Qxb4 Rxb4 36. Ne6 Bf6 37. a5 Rxe4 38. Rg1 Re5 39. Nxg5 Rxf5+ 40. Nf3+ Kf7 41. Rd1 Bc3 42. Bb6 Ng5 43. Rd3 Be5 44. Kg2 Ne4 45. Be3 Bf6 46. Bd2 Nc5 0-1

[Event "XXVII. Rhein-Main-Open, Gruppe B"]
[Site "Bad Homburg vor der Höhe"]
[Date "2025.06.19"]
[Round "3.13"]
[White "Friedel, Thomas"]
[Black "Lebermann, Hellmuth"]
[Result "1-0"]
[WhiteElo "1721"]
[BlackElo "1886"]
[PlyCount "119"]
[EventDate "2025.06.18"]
[WhiteTeam "SV 1946 Groß-Gerau"]
[BlackTeam "SK Bad Homburg 1927"]

1. Nf3 d5 2. d4 c5 3. dxc5 e6 4. c4 Bxc5 5. cxd5 Nf6 6. Nc3 exd5 7. e3 Be6 8. Bb5+ Nc6 9. O-O O-O 10. b3 Qe7 11. Bb2 Rfd8 12. Na4 Bd6 13. Rc1 Rac8 14. Nd4 Nxd4 15. Bxd4 Bxh2+ 16. Kxh2 Ng4+ 17. Kg3 Qg5 18. f4 Qg6 19. Rxc8 Rxc8 20. Bd3 f5 21. Kh3 Qh5+ 22. Kg3 Qh2+ 23. Kf3 Qh4 24. g3 Qh2 25. Nc5 Rxc5 26. Bxc5 Qxa2 27. Qc2 Qxc2 28. Bxc2 Nh2+ 29. Kf2 Nxf1 30. Kxf1 b6 31. Bd6 Bd7 32. Bb8 a6 33. Bd3 b5 34. Ke2 g6 35. Kd2 Kf7 36. Kc3 Ke6 37. Kb4 h6 38. Kc5 g5 39. Bf1 Bc8 40. Bg2 Bb7 41. Kb6 d4 42. Bxb7 dxe3 43. Bf3 g4 44. Be2 Kd5 45. Kxa6 h5 46. Bxb5 h4 47. gxh4 Ke4 48. h5 g3 49. h6 g2 50. Bc6+ Kd3 51. Bxg2 e2 52. h7 e1=Q 53. h8=Q Qe6+ 54. Ka5 Qe1+ 55. b4 Qe6 56. Qh3+ Kd2 57. Be5 Qa2+ 58. Kb5 Qe6 59. Qc3+ Ke2 60. Qc4+ 1-0

[Event "XXVII. Rhein-Main-Open, Gruppe B"]
[Site "Bad Homburg vor der Höhe"]
[Date "2025.06.19"]
[Round "3.14"]
[White "Schlömer, Andreas"]
[Black "Wesener, Joachim"]
[Result "1/2-1/2"]
[WhiteElo "1759"]
[BlackElo "1753"]
[PlyCount "49"]
[EventDate "2025.06.18"]
[WhiteTeam "SK Upland Willingen"]
[BlackTeam "SC Hilchenbach"]

1. c4 Nf6 2. g3 e5 3. Bg2 Nc6 4. d3 Be7 5. Nf3 O-O 6. O-O d6 7. Nc3 a5 8. b3 h6 9. Bb2 Re8 10. Nd2 Nh7 11. Nd5 Bf8 12. e4 Nb4 13. Nxb4 axb4 14. a4 bxa3 15. Rxa3 Rxa3 16. Bxa3 c6 17. Kh1 g6 18. Bb2 Bg7 19. Qc2 Nf6 20. Bc3 Qb6 21. f3 Bd7 22. Ra1 h5 23. Nf1 c5 24. Qb2 Qc6 25. Bd2 1/2-1/2

[Event "XXVII. Rhein-Main-Open, Gruppe B"]
[Site "Bad Homburg vor der Höhe"]
[Date "2025.06.19"]
[Round "3.16"]
[White "Schneider, Felix"]
[Black "Nikonenko, Tymofii"]
[Result "1-0"]
[WhiteElo "1700"]
[BlackElo "1495"]
[PlyCount "41"]
[EventDate "2025.06.18"]
[WhiteTeam "SK Bad Homburg 1927"]
[BlackTeam "SV Oberursel"]

1. Nf3 d5 2. g3 Bf5 3. Bg2 Nf6 4. O-O e6 5. c4 Bc5 6. d4 Bd6 7. Qb3 b6 8. Nc3 O-O 9. cxd5 exd5 10. Nxd5 Be6 11. Nxf6+ Qxf6 12. Qd3 Nd7 13. Ng5 Bf5 14. e4 Bg6 15. Qb5 Qd8 16. e5 Be7 17. Bxa8 Bxg5 18. Bxg5 Qxg5 19. Bg2 Nb8 20. Rac1 Rc8 21. Rxc7 1-0

[Event "XXVII. Rhein-Main-Open, Gruppe B"]
[Site "Bad Homburg vor der Höhe"]
[Date "2025.06.19"]
[Round "3.17"]
[White "Jacobs, Thomas"]
[Black "Piacentino, Mirco"]
[Result "1-0"]
[WhiteElo "1801"]
[BlackElo "1623"]
[PlyCount "69"]
[EventDate "2025.06.18"]
[WhiteTeam "SV 1929 Raunheim"]
[BlackTeam "SV 1934 Ffm-Griesheim"]

1. c4 e5 2. Nc3 Nc6 3. g3 Bc5 4. Bg2 Nge7 5. d3 d6 6. Nf3 f6 7. O-O Be6 8. e3 Qd7 9. Re1 Bh3 10. Bh1 O-O-O 11. a3 a6 12. b4 Ba7 13. b5 Nb8 14. bxa6 Nxa6 15. Rb1 d5 16. Nxd5 Nxd5 17. cxd5 Qxd5 18. Ng5 e4 19. Nxh3 Qf5 20. Nf4 g5 21. Bxe4 Qxe4 22. dxe4 Rxd1 23. Rxd1 gxf4 24. exf4 Re8 25. Re1 Nc5 26. Kg2 Nxe4 27. Be3 Bxe3 28. Rxe3 Nd6 29. Rxe8+ Nxe8 30. Kf3 Nd6 31. Kg4 Kd7 32. Kh5 c5 33. Kh6 c4 34. Kxh7 c3 35. Rc1 1-0

[Event "XXVII. Rhein-Main-Open, Gruppe B"]
[Site "Bad Homburg vor der Höhe"]
[Date "2025.06.19"]
[Round "3.18"]
[White "Schneider, Wolfram"]
[Black "Ghaznavi, Massoud"]
[Result "1/2-1/2"]
[WhiteElo "1937"]
[BlackElo "1655"]
[PlyCount "83"]
[EventDate "2025.06.18"]
[WhiteTeam "SK Bad Homburg 1927"]
[BlackTeam "SV Oberursel"]

1. d4 c6 2. c4 e6 3. Nf3 Bb4+ 4. Nc3 Ne7 5. a3 Ba5 6. Bf4 Bc7 7. Qd2 Ng6 8. Bxc7 Qxc7 9. e4 O-O 10. c5 b6 11. g3 bxc5 12. dxc5 Rd8 13. Rd1 Ne5 14. Nxe5 Qxe5 15. b4 Ba6 16. f4 Qf6 17. Bg2 Bc4 18. Kf2 a5 19. b5 Qe7 20. e5 Qxc5+ 21. Qd4 Qxd4+ 22. Rxd4 Bd5 23. Rhd1 Bxg2 24. Kxg2 cxb5 25. Nxb5 Ra6 26. Nd6 Ra7 27. Rc4 Nc6 28. Nb5 Raa8 29. Nd4 Ne7 30. Nb5 Nd5 31. Rd3 Kf8 32. Nc3 Nxc3 33. Rcxc3 Ke7 34. Rc7 Rac8 35. Ra7 Rc5 36. Rd4 f6 37. exf6+ gxf6 38. Ra4 e5 39. fxe5 Rxe5 40. Rh4 Rh8 41. Rd4 Rd8 42. Rh4 1/2-1/2

[Event "XXVII. Rhein-Main-Open, Gruppe B"]
[Site "Bad Homburg vor der Höhe"]
[Date "2025.06.19"]
[Round "3.19"]
[White "Neff, Oliver"]
[Black "Negru, Maximilian"]
[Result "0-1"]
[WhiteElo "1706"]
[BlackElo "1694"]
[PlyCount "64"]
[EventDate "2025.06.18"]
[WhiteTeam "SG Wartturm Schaafheim"]
[BlackTeam "SK Bad Homburg 1927"]

1. e4 e6 2. d4 d5 3. exd5 exd5 4. Nf3 Nc6 5. Bb5 Bd6 6. Bxc6+ bxc6 7. O-O Ne7 8. Bg5 f6 9. Bh4 g5 10. Bg3 h5 11. Re1 h4 12. Bxd6 Qxd6 13. Qd3 Rh6 14. c4 g4 15. c5 Qf4 16. Nfd2 g3 17. Qe3 gxh2+ 18. Kh1 Qxe3 19. Rxe3 Kf7 20. Nf3 Nf5 21. Re2 Ba6 22. Rd2 h3 23. g3 Re8 24. Nc3 Rg6 25. Kxh2 Nh6 26. Nh4 Rg7 27. Kxh3 Ng4 28. Kg2 Rh8 29. Kf3 Nh2+ 30. Kf4 Rg4+ 31. Ke3 Re8+ 32. Ne4 Rgxe4# 0-1

[Event "XXVII. Rhein-Main-Open, Gruppe B"]
[Site "Bad Homburg vor der Höhe"]
[Date "2025.06.19"]
[Round "3.20"]
[White "Kostadinov, Emanuel"]
[Black "Graschdankin, Roman"]
[Result "1-0"]
[WhiteElo "1518"]
[BlackElo "1756"]
[PlyCount "103"]
[EventDate "2025.06.18"]
[WhiteTeam "SV 1920 Hofheim"]
[BlackTeam "SK Bad Homburg 1927"]

1. e4 c6 2. d4 d5 3. e5 c5 4. c3 Nc6 5. Nf3 cxd4 6. cxd4 Bg4 7. Bb5 e6 8. Be3 Qa5+ 9. Nc3 Bb4 10. Bxc6+ bxc6 11. Rc1 Qd8 12. a3 Ba5 13. O-O h6 14. Na4 Ne7 15. Nc5 Rb8 16. b4 Bb6 17. h3 Bh5 18. g4 Bg6 19. Qd2 Bxc5 20. Rxc5 O-O 21. Nh4 Rc8 22. f4 f5 23. g5 hxg5 24. fxg5 Be8 25. Qg2 g6 26. Bf4 Kg7 27. Nf3 Rh8 28. Ne1 Qb6 29. Nd3 Qa6 30. Rc3 Qb6 31. Nc5 Kf7 32. Rb1 Rb8 33. a4 a5 34. Rcb3 axb4 35. Rxb4 Qxb4 36. Rxb4 Rxb4 37. Be3 Nc8 38. a5 Na7 39. Qd2 Rb5 40. Kg2 Ke7 41. Qc3 Bd7 42. Qa3 Rhb8 43. Na6+ Ke8 44. Nxb8 Rxb8 45. Qc5 Rb2+ 46. Kf3 Nb5 47. a6 Ra2 48. Qb6 Ra3 49. Kf4 Ra4 50. Bd2 Nxd4 51. Bb4 Nb5 52. Qb8+ 1-0

[Event "XXVII. Rhein-Main-Open, Gruppe B"]
[Site "Bad Homburg vor der Höhe"]
[Date "2025.06.19"]
[Round "3.21"]
[White "Pichl, Johann"]
[Black "Krombach, Karl-Heinz"]
[Result "1/2-1/2"]
[WhiteElo "1705"]
[BlackElo "1899"]
[PlyCount "97"]
[EventDate "2025.06.18"]
[WhiteTeam "SK Bad Homburg 1927"]
[BlackTeam "SC Hilchenbach"]

1. d4 d5 2. Nc3 e6 3. Bf4 a6 4. a3 Nf6 5. e3 c5 6. Nf3 Nc6 7. Be2 h6 8. h3 b5 9. Ne5 Bb7 10. Nxc6 Bxc6 11. Bf3 Rc8 12. Ne2 Ba8 13. c3 Be7 14. O-O O-O 15. Qd2 Qb6 16. Nc1 c4 17. Ne2 Nh7 18. g4 a5 19. Ra2 Bd6 20. Bg3 Ng5 21. Bg2 Ne4 22. Qc2 Nxg3 23. Nxg3 b4 24. Raa1 Bxg3 25. fxg3 Qd6 26. Qf2 Rb8 27. axb4 axb4 28. Ra7 Rb7 29. Rxb7 Bxb7 30. Kh2 bxc3 31. bxc3 Qa3 32. Qc2 Bc6 33. Rb1 Ba4 34. Qb2 Qxb2 35. Rxb2 Bb3 36. e4 dxe4 37. Bxe4 g6 38. Bc2 Bxc2 39. Rxc2 Rb8 40. Kg2 Rb3 41. Kf3 Rb1 42. h4 Rd1 43. Re2 Kg7 44. Re3 Rd2 45. Re2 Rd1 46. Re3 Kf6 47. Kf2 Rd2+ 48. Re2 Rd1 49. Re3 1/2-1/2

[Event "XXVII. Rhein-Main-Open, Gruppe B"]
[Site "Bad Homburg vor der Höhe"]
[Date "2025.06.19"]
[Round "3.22"]
[White "Mehlen, Theodor"]
[Black "Li, Xiao Teng"]
[Result "1-0"]
[WhiteElo "1831"]
[BlackElo "1623"]
[PlyCount "85"]
[EventDate "2025.06.18"]
[WhiteTeam "SC Matt im Park Ffm"]
[BlackTeam "SK Bad Homburg 1927"]

1. e4 Nc6 2. Nf3 e5 3. Bc4 Bc5 4. c3 Nf6 5. d3 O-O 6. O-O d6 7. a4 a6 8. h3 h6 9. Nbd2 Be6 10. Re1 Qd7 11. Nf1 Ne7 12. Ng3 Ng6 13. Qe2 b5 14. axb5 axb5 15. Rxa8 Rxa8 16. Bxe6 fxe6 17. d4 exd4 18. Nxd4 Bxd4 19. cxd4 Ra4 20. Qd3 e5 21. d5 Rd4 22. Qc2 Ne7 23. b3 Nexd5 24. exd5 Rxd5 25. Be3 b4 26. Ra1 Rb5 27. Qg6 Qe8 28. Qc2 c5 29. Qf5 Rb8 30. Bxh6 Qf7 31. Bg5 Nh7 32. Qxf7+ Kxf7 33. Be3 Rb7 34. Ne4 Ke6 35. Bxc5 d5 36. Ra6+ Kd7 37. Rd6+ Kc7 38. Rxd5 Nf6 39. Rxe5 Rb5 40. Bd6+ Kc6 41. Nxf6 gxf6 42. Rxb5 Kxb5 43. h4 1-0

[Event "XXVII. Rhein-Main-Open, Gruppe B"]
[Site "Bad Homburg vor der Höhe"]
[Date "2025.06.19"]
[Round "3.23"]
[White "Viraj Sarawgi"]
[Black "Beier, Martin"]
[Result "0-1"]
[WhiteElo "1475"]
[BlackElo "1781"]
[PlyCount "116"]
[EventDate "2025.06.18"]
[BlackTeam "SK Bad Homburg 1927"]

1. e4 e6 2. d4 d5 3. e5 c5 4. c3 Nc6 5. Nf3 Bd7 6. h3 Rc8 7. Be2 cxd4 8. cxd4 Nge7 9. Bg5 Qb6 10. Qd2 h6 11. Bxe7 Bxe7 12. O-O O-O 13. Nc3 f6 14. exf6 Bxf6 15. Rfe1 Nxd4 16. Nxd4 Bxd4 17. Rf1 Bxf2+ 18. Kh1 Be3 19. Qd3 Rxf1+ 20. Rxf1 Qd4 21. Qg6 Rf8 22. Rxf8+ Kxf8 23. Bh5 Qf6 24. Qd3 Bd4 25. Bf3 Bxc3 26. bxc3 a6 27. Qe3 Bc6 28. Qc5+ Kf7 29. Qa5 Qe7 30. Qb6 Qd6 31. Qb1 g6 32. Qc1 Kg7 33. Qd2 e5 34. Be2 d4 35. cxd4 Qxd4 36. Qc2 Qf2 37. Bd3 Qxc2 38. Bxc2 Kf6 39. Kg1 g5 40. g3 Ke6 41. Kf2 Kd5 42. Ke3 Kc4 43. Bb3+ Kc5 44. Kd3 Bd5 45. Bxd5 Kxd5 46. Ke3 b5 47. Kd3 a5 48. Ke3 e4 49. Kd2 Kd4 50. Ke2 b4 51. Kd2 e3+ 52. Kc2 a4 53. Kd1 Kd3 54. Kc1 e2 55. Kb2 e1=Q 56. h4 Qc3+ 57. Kb1 Qc2+ 58. Ka1 Qc1# 0-1

[Event "XXVII. Rhein-Main-Open, Gruppe B"]
[Site "Bad Homburg vor der Höhe"]
[Date "2025.06.19"]
[Round "3.24"]
[White "Rausch, Pius"]
[Black "Nikonenko, Hlib"]
[Result "1/2-1/2"]
[WhiteElo "1541"]
[BlackElo "1667"]
[PlyCount "73"]
[EventDate "2025.06.18"]
[WhiteTeam "SK Stadtallendorf"]
[BlackTeam "SV Oberursel"]

1. d4 e6 2. Nf3 d5 3. e3 c5 4. c3 Nc6 5. Bd3 Nf6 6. Nbd2 Be7 7. O-O O-O 8. dxc5 Bxc5 9. Qc2 h6 10. Nd4 e5 11. Nxc6 bxc6 12. Nb3 Bb6 13. e4 Be6 14. Re1 Ng4 15. Re2 c5 16. exd5 Bxd5 17. Be4 c4 18. Nd2 Nf6 19. Bxd5 Qxd5 20. Qf5 Rfe8 21. Nf1 Rad8 22. Bxh6 gxh6 23. Qxf6 Rd6 24. Qf5 Rg6 25. Qe4 Qd3 26. Ree1 f5 27. Qe2 f4 28. Qe4 Rg5 29. Rad1 Qh3 30. g3 fxg3 31. hxg3 Rxg3+ 32. Nxg3 Qxg3+ 33. Kh1 Qh3+ 34. Kg1 Qg3+ 35. Kh1 Qh3+ 36. Kg1 Qg3+ 37. Kh1 1/2-1/2

[Event "XXVII. Rhein-Main-Open, Gruppe B"]
[Site "Bad Homburg vor der Höhe"]
[Date "2025.06.19"]
[Round "3.25"]
[White "Leopold, Dieter"]
[Black "Yash Sunil Dalal"]
[Result "1/2-1/2"]
[WhiteElo "1818"]
[BlackElo "1449"]
[PlyCount "38"]
[EventDate "2025.06.18"]
[WhiteTeam "SK Königsspringer Wewels"]

1. e4 e5 2. Nf3 Nc6 3. Bb5 d6 4. O-O Nf6 5. Re1 a6 6. Bf1 Bg4 7. h3 Bh5 8. d3 h6 9. Nbd2 Nh7 10. c3 Be7 11. Qb3 Rb8 12. d4 Bg5 13. d5 Ne7 14. c4 Bxf3 15. Nxf3 Ng6 16. g3 Bxc1 17. Raxc1 O-O 18. Bg2 Ng5 19. Nxg5 Qxg5 1/2-1/2

[Event "XXVII. Rhein-Main-Open, Gruppe B"]
[Site "Bad Homburg vor der Höhe"]
[Date "2025.06.19"]
[Round "3.26"]
[White "Moldenhauer, Nils"]
[Black "Shanmuganathan, Adhav"]
[Result "0-1"]
[WhiteElo "1639"]
[BlackElo "1719"]
[PlyCount "40"]
[EventDate "2025.06.18"]
[WhiteTeam "SV Oberursel"]
[BlackTeam "SV 1934 Ffm-Griesheim"]

1. e4 e5 2. Nf3 Nc6 3. Bc4 Bc5 4. c3 Nf6 5. d3 d6 6. O-O Be6 7. Bb3 O-O 8. Re1 Bxb3 9. Qxb3 Ng4 10. Re2 Bb6 11. Nbd2 Na5 12. Qd1 f5 13. exf5 Rxf5 14. Ne4 d5 15. Ng3 Rf7 16. Bd2 Qd6 17. Qc2 Raf8 18. Rf1 h5 19. h4 e4 20. dxe4 Qxg3 0-1

[Event "XXVII. Rhein-Main-Open, Gruppe B"]
[Site "Bad Homburg vor der Höhe"]
[Date "2025.06.19"]
[Round "3.27"]
[White "Stiller, Harald"]
[Black "Hofmann, Marco"]
[Result "1-0"]
[WhiteElo "1640"]
[BlackElo "1668"]
[PlyCount "77"]
[EventDate "2025.06.18"]
[BlackTeam "VSG 1880 Offenbach"]

1. e4 d5 2. exd5 Qxd5 3. Nc3 Qd8 4. d4 Nf6 5. Nf3 Bf5 6. Bd3 Bxd3 7. Qxd3 e6 8. O-O Be7 9. Bf4 c6 10. Rfd1 O-O 11. Ne4 Nxe4 12. Qxe4 Nd7 13. c4 Nf6 14. Qc2 Rc8 15. a4 a5 16. Qe2 Bd6 17. Bg5 h6 18. Bh4 Be7 19. Rd3 Nh5 20. Bxe7 Qxe7 21. Qe5 Nf6 22. Qxa5 Ra8 23. Qe1 Qd6 24. b3 Rfe8 25. Rad1 b6 26. h3 Nh5 27. Qe5 Qxe5 28. dxe5 Nf4 29. Rd6 Rac8 30. Kf1 Kf8 31. Rd7 Rb8 32. Rc7 c5 33. Rdd7 Nh5 34. Rxf7+ Kg8 35. g4 Rbd8 36. Ke2 Nf6 37. Rxg7+ Kh8 38. exf6 Rf8 39. Rh7+ 1-0